000 02404nam a22003375i 4500
005 20200320223408.0
008 191210s2020 #00 eng d
020 _a9781948677400
040 _aCTMM
_beng
_erda
_cCTMM
082 0 4 _a[Fic]
_223
100 1 _aHamilton, Scott.
_96020267
245 0 0 _aFritzy Finds a Hat :
_bA Gentle Tale to Help Talk With Children About Cancer /
_cScott Hamilton.
250 _a[First edition?]
264 1 _bSimon & Schuster
_c2020.
264 2 _aOld Saybrook, Connecticut :
_bwww.micromarketing.org
300 _a32 p. ;
300 _a[N/A pages ;
_cN/A cm.?]
336 _atext
337 _aunmediated
338 _avolume
500 _a[Typographic symbols and accents removed for systems compatibility.]
520 _a"Fritzy's mom has cancer, which is pretty scary. But Fritzy is on a mission to find his mom the perfect hat she can wear to her treatments. What will he find? In this charming children's book, Olympic gold medal-winning figure skater and bestselling author Scott Hamilton teams up with country music superstar Brad Paisley to share a story that will help parents talk with their children about cancer. The story centers around an ice-skating little boy named Fritzy who learns his mom has cancer. Each new page has him searching for a different hat for his mom to wear as she undergoes cancer treatments. The delightful illustrations by Brad Paisley lend an air of whimsy and thoughtfulness while the gentle storyline by cancer survivor Scott Hamilton teaches children a powerful message of how their love and support can sometimes be the best medicine. Fritzy Finds a Hat can be read to younger children or given to older children to read themselves. Proceeds from the book will benefit vital cancer research through the Scott Hamilton CARES Foundation and at Moffitt Cancer Center as well as Moffitt's Families First Program."--
_cProvided by publisher.
588 _aTitle and description based on researched data; resource not viewed.
650 0 _aCancer
_xTreatment
_vJuvenile fiction.
_96020268
650 0 _aHats
_vJuvenile fiction.
_95679249
700 1 _aPaisley, Brad.
_958902
942 _cBOOK
_00
948 _a02/19/2020
_zSirsi
949 _nwww.MicroMarketing.org 800-229-9887
996 _a175371
_b34301001680414
_cE
_dbk
_ewcl
_fi
_g0
_h14.99
_lMicroMarketing
_mHam
_p02/19/2020
_q02/19/2020
999 _c324397
_d324396